| 000 | 00482 a2200169 4500 | ||
|---|---|---|---|
| 001 | 066530 | ||
| 003 | OSt | ||
| 005 | 20211001104032.0 | ||
| 008 | |||
| 082 |
_a823 _bG34S |
||
| 100 | 1 | _aGhosh, Amitav | |
| 245 | 1 |
_aThe Shadow lines _cby Amitav Ghosh |
|
| 260 |
_aNew Delhi _bPenguin _c2008 |
||
| 300 | _a277p. | ||
| 690 | _aIndia; India--Kolkata; Boys; British; English fiction; Indic fiction (English); England--London; Fiction | ||
| 942 |
_2ddc _cBK |
||
| 999 |
_c575 _d575 |
||